[Event "8th Philadelphia Open"]
[Site "Philadelphia"]
[Date "2014.04.18"]
[Round "5"]
[White "Tang, Andrew"]
[Black "Patil, Anuprita"]
[Result "1-0"]
[WhiteElo "2229"]
[BlackElo "2060"]
[PlyCount "109"]
[EventDate "2014.04.??"]
[EventType "swiss"]
[EventRounds "9"]
[EventCountry "USA"]
[Source "MonRoi"]

1. d4 Nf6 2. c4 g6 3. Nc3 d5 4. cxd5 Nxd5 5. e4 Nxc3 6. bxc3 Bg7 7. Bc4 c5 8.
Ne2 O-O 9. O-O Nc6 10. Be3 Bd7 11. Rc1 a6 12. Qd2 b5 13. Bd3 Rc8 14. Rfd1 Qa5
15. d5 Ne5 16. Nf4 Ng4 17. Bb1 Nxe3 18. Qxe3 Qc7 19. Ne2 Qb8 20. h3 e6 21. f4
exd5 22. exd5 Rfe8 23. Qf3 Qd6 24. Qf2 Rcd8 25. Ng3 f5 26. Nf1 b4 27. cxb4 Bd4
28. Rxd4 cxd4 29. Qxd4 Bb5 30. Ne3 Re7 31. Rc3 Rde8 32. Bc2 Rd8 33. Bxf5 Rf8
34. Bg4 Qxf4 35. Be6+ Rxe6 36. Qxf4 Rxf4 37. dxe6 Re4 38. Nd5 Rxe6 39. Rc8+ Kg7
40. Rc7+ Kg8 41. Nc3 Re1+ 42. Kf2 Re6 43. a4 Bd3 44. Kf3 Bc2 45. a5 Bd3 46. h4
Bf1 47. g4 h6 48. Nd5 Rd6 49. Nc3 Rd4 50. b5 axb5 51. a6 b4 52. a7 Rd8 53. Rb7
Rf8+ 54. Kg3 bxc3 55. Rb8 1-0

[Event "8th Philadelphia Open"]
[Site "Philadelphia"]
[Date "2014.04.18"]
[Round "5"]
[White "Eswaran, Ashritha"]
[Black "Yuvarajan, Prathiba"]
[Result "1-0"]
[WhiteElo "1982"]
[BlackElo "2191"]
[PlyCount "172"]
[EventDate "2014.04.??"]
[EventType "swiss"]
[EventRounds "9"]
[EventCountry "USA"]
[Source "MonRoi"]

1. Nf3 d5 2. g3 c5 3. Bg2 Nf6 4. d4 Nc6 5. O-O e6 6. b3 cxd4 7. Nxd4 Bc5 8. Bb2
O-O 9. Nxc6 bxc6 10. Nd2 Ba6 11. c4 Re8 12. Rc1 Rc8 13. Re1 e5 14. Nf3 Ne4 15.
e3 Qd6 16. Nh4 Qf6 17. Bxe4 dxe4 18. Qg4 Rcd8 19. Red1 g5 20. Ng2 Rxd1+ 21.
Rxd1 Bc8 22. Qxe4 Bf5 23. Qf3 Qe6 24. Qe2 e4 25. Qd2 Bg4 26. Qc3 f6 27. Rd2 Rf8
28. b4 Be7 29. Ne1 h5 30. a3 h4 31. c5 Kg7 32. Rd4 Rh8 33. Qc4 hxg3 34. fxg3
Qxc4 35. Rxc4 Bf3 36. Nxf3 exf3 37. h4 Kf7 38. Kf2 Rd8 39. Kxf3 Rd2 40. Bc1 Rh2
41. hxg5 fxg5 42. Rd4 Rc2 43. Bd2 Ke6 44. g4 a5 45. Rd3 a4 46. Be1 Rb2 47. Bg3
Rb3 48. Ke4 Rb1 49. Bc7 Rg1 50. Kf3 Rb1 51. Ke2 Rb2+ 52. Kf3 Rb1 53. Bd6 Bf6
54. Bg3 Be7 55. Bf2 Rb3 56. Ke4 Rb2 57. Bg3 Rg2 58. Kf3 Rb2 59. e4 Ra2 60. Bd6
Bf6 61. e5 Bg7 62. Bc7 Bf8 63. Bd8 Kxe5 64. Bxg5 Rb2 65. Bf4+ Ke6 66. Ke4 Rg2
67. Kf3 Ra2 68. Bg5 Bg7 69. Rd6+ Kf7 70. Bc1 Rc2 71. Rd1 Be5 72. Ke4 Ke6 73.
Rh1 Rc4+ 74. Kf3 Rc3+ 75. Ke2 Rg3 76. g5 Kd5 77. Rh4 Rc3 78. Kd2 Rg3 79. Kd1
Rg1+ 80. Kc2 Rg2+ 81. Bd2 Rg3 82. Bc1 Bd4 83. Rh6 Kc4 84. Rxc6 Rg2+ 85. Bd2 Be3
86. Rd6 Bf4 1-0

[Event "8th Philadelphia Open"]
[Site "Philadelphia"]
[Date "2014.04.18"]
[Round "5"]
[White "Kobs, Stephan"]
[Black "Helfst, Matt"]
[Result "1/2-1/2"]
[WhiteElo "1957"]
[BlackElo "1957"]
[PlyCount "55"]
[EventDate "2014.04.??"]
[EventType "swiss"]
[EventRounds "9"]
[EventCountry "USA"]
[Source "MonRoi"]

1. e4 e6 2. d4 d5 3. Nc3 dxe4 4. Nxe4 Bd7 5. Nf3 Bc6 6. Bd3 Nd7 7. O-O Ngf6 8.
Qe2 Be7 9. Nxf6+ Bxf6 10. Be4 Bxe4 11. Qxe4 c6 12. Bf4 Nb6 13. Be5 O-O 14. Bxf6
Qxf6 15. Ne5 Rac8 16. c3 Rfd8 17. Rad1 Qe7 18. Rd3 Qd6 19. Rh3 h6 20. Qh4 c5
21. Ng4 Qf8 22. Rg3 Kh8 23. f4 cxd4 24. f5 exf5 25. Nxh6 gxh6 26. Qf6+ Kh7 27.
Qxf5+ Kh8 28. Qf6+ 1/2-1/2

[Event "8th Philadelphia Open"]
[Site "Philadelphia"]
[Date "2014.04.19"]
[Round "6.1"]
[White "Panchanathan, Magesh"]
[Black "Oleksienko, Mikhailo"]
[Result "0-1"]
[WhiteElo "2557"]
[BlackElo "2618"]
[PlyCount "124"]
[EventDate "2014.04.??"]
[EventType "swiss"]
[EventRounds "9"]
[EventCountry "USA"]
[Source "MonRoi"]
[WhiteClock "0:01:49"]
[BlackClock "0:12:31"]

1. c4 e5 2. Nc3 d6 3. Nf3 f5 4. g3 Nf6 5. Bg2 Be7 6. O-O O-O 7. d4 e4 8. Ne1 c6
9. d5 Nbd7 10. Nc2 Ne5 11. b3 h5 12. Bf4 c5 13. f3 exf3 14. exf3 h4 15. gxh4
Ng6 16. Bg5 f4 17. Re1 Nh7 18. Bxe7 Nxe7 19. Re2 Nf5 20. Qf1 Nxh4 21. Ne4 Ng5
22. Kh1 Nxe4 23. Rxe4 Bf5 24. Re2 Bd3 25. Bh3 Qf6 26. Be6+ Kh8 27. Rae1 g6 28.
Na3 a6 29. Nb1 Bxe2 30. Qxe2 Rae8 31. Nd2 Qc3 32. Qf2 Kg7 33. Rg1 Rh8 34. Rf1
Qe3 35. Ne4 Qxf2 36. Rxf2 Nf5 37. Bxf5 gxf5 38. Rg2+ Kf8 39. Nxd6 Re1+ 40. Rg1
Re3 41. Nxb7 Rxf3 42. Nxc5 Ke7 43. Kg2 Rfh3 44. Ne6 Rxh2+ 45. Kf3 R8h3+ 46.
Kxf4 Kf6 47. Rg3 Rh4+ 48. Ke3 Ke5 49. Kd3 R2h3 50. Rxh3 Rxh3+ 51. Kd2 f4 52.
Nc5 Rh2+ 53. Kd3 Rxa2 54. Ne4 f3 55. Ng3 Rb2 56. Nf1 f2 57. Nh2 Rxb3+ 58. Ke2
Rb2+ 59. Kf1 a5 60. Ng4+ Kd6 61. Nf6 a4 62. Ne4+ Ke5 0-1

[Event "8th Philadelphia Open"]
[Site "Philadelphia"]
[Date "2014.04.19"]
[Round "6.3"]
[White "Chirila, Ioan"]
[Black "Santarius, Erik"]
[Result "1-0"]
[WhiteElo "2520"]
[BlackElo "2332"]
[PlyCount "63"]
[EventDate "2014.04.??"]
[EventType "swiss"]
[EventRounds "9"]
[EventCountry "USA"]
[Source "MonRoi"]
[WhiteClock "0:01:40"]
[BlackClock "0:29:38"]

1. d4 e6 2. c4 f5 3. g3 Nf6 4. Bg2 Be7 5. Nf3 O-O 6. O-O Ne4 7. d5 Bf6 8. Nbd2
Nxd2 9. Nxd2 a5 10. e4 Na6 11. Re1 d6 12. Nb3 a4 13. Nd4 exd5 14. exd5 Nc5 15.
Be3 Bd7 16. Qd2 Re8 17. Rab1 Ra6 18. Ne6 Bxe6 19. dxe6 c6 20. e7 Qc7 21. Bg5
Kf7 22. Bxf6 Kxf6 23. Qf4 g6 24. Rbd1 Kf7 25. g4 Ne6 26. Rxe6 Kxe6 27. gxf5+
Kxe7 28. fxg6 Ra5 29. gxh7 Qb8 30. Bd5 Kd7 31. Qf7+ Re7 32. Be6+ 1-0

[Event "8th Philadelphia Open"]
[Site "Philadelphia"]
[Date "2014.04.19"]
[Round "6.4"]
[White "Margvelashvili, Giorgi"]
[Black "Paragua, Mark"]
[Result "1-0"]
[WhiteElo "2546"]
[BlackElo "2495"]
[PlyCount "187"]
[EventDate "2014.04.??"]
[EventType "swiss"]
[EventRounds "9"]
[EventCountry "USA"]
[Source "MonRoi"]
[WhiteClock "0:00:14"]
[BlackClock "0:00:15"]

1. Nf3 Nf6 2. g3 d5 3. Bg2 g6 4. c4 c6 5. b3 Bg7 6. Bb2 O-O 7. O-O Bf5 8. d3 a5
9. Nbd2 Na6 10. Qc1 a4 11. Bc3 axb3 12. axb3 dxc4 13. bxc4 Nc5 14. Bd4 Na4 15.
Qc2 b5 16. Rab1 Qd7 17. Ba1 Rfc8 18. Ne5 Qe6 19. Ndf3 h6 20. cxb5 cxb5 21. Qb3
Qxb3 22. Rxb3 Nd7 23. Rxb5 Rab8 24. Ra5 Nc3 25. Bxc3 Rxc3 26. Nxd7 Bxd7 27. Ra7
Rd8 28. Rb1 Bf6 29. Ne1 Be6 30. Be4 Rdc8 31. Kg2 Kg7 32. e3 Rc1 33. Rxc1 Rxc1
34. Nf3 g5 35. h3 h5 36. h4 gxh4 37. Nxh4 Rc5 38. Nf3 Bg4 39. Nh2 Be6 40. d4
Rb5 41. Nf3 Bg4 42. Ne1 h4 43. Nd3 hxg3 44. Kxg3 Bc8 45. Kf3 Rg5 46. Ke2 Be6
47. Nf4 Bc4+ 48. Bd3 Bxd3+ 49. Nxd3 Rb5 50. Rc7 Ra5 51. Kf3 Ra3 52. Nf4 Bxd4
53. Rxe7 Ra7 54. Re8 Bc5 55. Kg4 Ra2 56. Nh5+ Kg6 57. Nf4+ Kg7 58. Kf3 Bd6 59.
Ne2 Ra5 60. Nd4 Re5 61. Rc8 Kf6 62. Rc6 Ke7 63. Ra6 Rc5 64. Kg4 Rc4 65. Kg5 Kd7
66. Kf6 Bc5 67. Nf3 Rc2 68. Ne5+ Kc7 69. Rc6+ Kb7 70. f4 Rc1 71. e4 Rf1 72. f5
Bd4 73. Rc4 Ba1 74. Rc5 Rf4 75. Kxf7 Rxe4 76. Ke6 Kb6 77. Rd5 Bc3 78. f6 Bb4
79. f7 Kc7 80. Rb5 Bf8 81. Kf5 Re1 82. Rb3 Bg7 83. Nf3 Rd1 84. Kg6 Bf8 85. Re3
Rh1 86. Re8 Rh6+ 87. Kg5 Rh8 88. Kf5 Kd6 89. Ng5 Kd7 90. Kg6 Rh6+ 91. Kf5 Be7
92. Ra8 Rf6+ 93. Ke5 Rg6 94. Ra7+ 1-0

[Event "8th Philadelphia Open"]
[Site "Philadelphia"]
[Date "2014.04.19"]
[Round "6"]
[White "Checa, Nicolas"]
[Black "Friedel, Joshua"]
[Result "0-1"]
[WhiteElo "2054"]
[BlackElo "2500"]
[PlyCount "96"]
[EventDate "2014.04.??"]
[EventType "swiss"]
[EventRounds "9"]
[EventCountry "USA"]
[Source "MonRoi"]

1. d4 Nf6 2. c4 e6 3. Nf3 d5 4. Nc3 Be7 5. Bg5 h6 6. Bh4 O-O 7. e3 b6 8. Bd3
Bb7 9. cxd5 Nxd5 10. Bxe7 Qxe7 11. Nxd5 exd5 12. O-O Nd7 13. Rc1 c5 14. dxc5
bxc5 15. Re1 Qd6 16. Bb1 Rfd8 17. Qd3 g6 18. h4 Nf6 19. Qb3 Qb6 20. Qc2 Rac8
21. Ne5 Qc7 22. f4 d4 23. exd4 Rxd4 24. Nxg6 Be4 25. Qb3 Bxg6 26. Bxg6 Rxf4 27.
Rc4 Rxc4 28. Qxc4 Rd8 29. Rf1 Rd4 30. Qc2 Kg7 31. Qf5 Qe7 32. Bh5 Rxh4 33. Bd1
Qd6 34. Bf3 Ne4 35. Bxe4 Qh2+ 36. Kf2 Rf4+ 37. Ke2 Rxf5 38. Rxf5 Qg1 39. Rf2
Qa1 40. Ke3 Qxa2 41. Re2 a5 42. Rd2 Qb3+ 43. Ke2 Qe6 44. Kf3 a4 45. g4 Qe5 46.
Rc2 Qd4 47. Rc3 Qd1+ 48. Kg3 Qe2 0-1

[Event "8th Philadelphia Open"]
[Site "Philadelphia"]
[Date "2014.04.19"]
[Round "6"]
[White "Troff, Kayden"]
[Black "Li, Ruifeng"]
[Result "1-0"]
[WhiteElo "2477"]
[BlackElo "2253"]
[PlyCount "119"]
[EventDate "2014.04.??"]
[EventType "swiss"]
[EventRounds "9"]
[EventCountry "USA"]
[Source "MonRoi"]

1. d4 Nf6 2. c4 e6 3. Nf3 b6 4. g3 Bb4+ 5. Bd2 Bxd2+ 6. Nbxd2 Bb7 7. Bg2 O-O 8.
O-O d6 9. b4 Nbd7 10. Nb3 Qe7 11. Ne1 Bxg2 12. Nxg2 c5 13. a3 d5 14. cxd5 Nxd5
15. bxc5 bxc5 16. Qc2 cxd4 17. Nxd4 Rfc8 18. Qd2 Ne5 19. Ne3 Nxe3 20. Qxe3 Nc4
21. Qd3 Qd6 22. Rfc1 Nb6 23. Rab1 h6 24. Nb5 Qxd3 25. exd3 Rxc1+ 26. Rxc1 Rc8
27. Rb1 a6 28. Na7 Rc7 29. Rxb6 Rxa7 30. Kf1 Kf8 31. Ke2 Ke7 32. a4 Kd7 33. a5
h5 34. h4 g6 35. Ke3 Ke7 36. Ke4 Kd7 37. Ke5 Ke7 38. d4 f6+ 39. Ke4 Kf7 40. d5
exd5+ 41. Kxd5 Rd7+ 42. Rd6 Ra7 43. Kc6 Ke7 44. Rd2 Ke6 45. Kb6 Ra8 46. Kb7 Rg8
47. Rb2 g5 48. Rb4 Rd8 49. Kxa6 Rd2 50. Kb7 Rxf2 51. a6 Ra2 52. a7 gxh4 53.
gxh4 f5 54. a8=Q Rxa8 55. Kxa8 Ke5 56. Kb7 f4 57. Rb5+ Ke4 58. Rxh5 f3 59. Rh8
f2 60. Rf8 1-0

[Event "8th Philadelphia Open"]
[Site "Philadelphia"]
[Date "2014.04.19"]
[Round "6"]
[White "King, Alexander"]
[Black "Dobrov, Vladimir"]
[Result "1/2-1/2"]
[WhiteElo "2234"]
[BlackElo "2511"]
[PlyCount "94"]
[EventDate "2014.04.??"]
[EventType "swiss"]
[EventRounds "9"]
[EventCountry "USA"]
[Source "MonRoi"]

1. d4 Nf6 2. c4 e6 3. Nc3 Bb4 4. e3 c5 5. Bd3 O-O 6. Nf3 d5 7. O-O dxc4 8. Bxc4
Nbd7 9. a3 Bxc3 10. bxc3 Qc7 11. Bd3 e5 12. Qc2 Re8 13. dxe5 Nxe5 14. Nxe5 Rxe5
15. f4 Re7 16. c4 Qc6 17. Bb2 Rxe3 18. Rae1 Rxe1 19. Rxe1 Bd7 20. h3 h6 21. Kh2
Rd8 22. Re3 Bc8 23. Be2 Re8 24. Bf3 Qb6 25. Rb3 Qc7 26. Be5 Rxe5 27. fxe5 Qxe5+
28. Kh1 b6 29. Qc3 Qf4 30. a4 Be6 31. a5 Bxc4 32. axb6 axb6 33. g3 Qxf3+ 34.
Qxf3 Bd5 35. Kg2 Bxf3+ 36. Kxf3 Nd7 37. Ke4 Kf8 38. Kd5 Ke7 39. Re3+ Kf6 40.
Kd6 Nf8 41. Rb3 Ne6 42. Rxb6 h5 43. Rb1 Ng5 44. Rf1+ Kg6 45. h4 Ne4+ 46. Kd5 f5
47. Ke5 Kh6 1/2-1/2

[Event "8th Philadelphia Open"]
[Site "Philadelphia"]
[Date "2014.04.19"]
[Round "6"]
[White "Ostrovskiy, Aleksandr"]
[Black "Tang, Andrew"]
[Result "1-0"]
[WhiteElo "2442"]
[BlackElo "2229"]
[PlyCount "151"]
[EventDate "2014.04.??"]
[EventType "swiss"]
[EventRounds "9"]
[EventCountry "USA"]
[Source "MonRoi"]

1. e4 e5 2. Nf3 Nc6 3. Bb5 a6 4. Ba4 Nf6 5. O-O Be7 6. Re1 b5 7. Bb3 d6 8. c3
O-O 9. h3 Bb7 10. d4 Re8 11. Nbd2 Bf8 12. d5 Nb8 13. Nf1 Nbd7 14. N3h2 Nc5 15.
Bc2 c6 16. b4 Ncd7 17. dxc6 Bxc6 18. Bg5 h6 19. Bxf6 Nxf6 20. Ng4 Nxg4 21. Qxg4
Rc8 22. Ne3 Bd7 23. Qe2 Rxc3 24. Nd5 Rc6 25. a4 Qg5 26. Kh2 Rec8 27. Bd3 Be6
28. axb5 axb5 29. Ne3 Be7 30. Kh1 Bd8 31. Bxb5 Rc3 32. Ba6 Rb8 33. Qd2 Rb3 34.
b5 Be7 35. Rab1 Rxb1 36. Rxb1 Qf4 37. Qc2 Bh4 38. Rb2 Qf6 39. b6 Qd8 40. b7 Qa5
41. Qd3 Qc5 42. Rc2 Qb6 43. g3 Bg5 44. Rc8+ Bxc8 45. bxc8=Q+ Rxc8 46. Bxc8 Bxe3
47. Qxe3 Qc6 48. Bg4 d5 49. exd5 Qxd5+ 50. Bf3 Qb5 51. Kg2 Qe8 52. Qe4 Qe7 53.
h4 g6 54. h5 gxh5 55. Bxh5 Kg7 56. Be2 Qf6 57. Bd3 Kf8 58. Qf5 Qd6 59. Be4 Kg7
60. Qh7+ Kf8 61. Qh8+ Ke7 62. Qg7 Qe6 63. Qh7 Qf6 64. Qf5 Qd6 65. Kh3 Ke8 66.
Kh4 Kf8 67. f3 Ke8 68. Kh5 Ke7 69. Kh4 Kf8 70. Kg4 Ke8 71. Kh5 Ke7 72. Qg4 Qd2
73. Qg7 Qh2+ 74. Kg4 Ke6 75. Bf5+ Kd6 76. Qf6+ 1-0

[Event "8th Philadelphia Open"]
[Site "Philadelphia"]
[Date "2014.04.19"]
[Round "6"]
[White "Plotkin, Victor"]
[Black "Mulyar, Michael"]
[Result "1/2-1/2"]
[WhiteElo "2218"]
[BlackElo "2430"]
[PlyCount "104"]
[EventDate "2014.04.??"]
[EventType "swiss"]
[EventRounds "9"]
[EventCountry "USA"]
[Source "MonRoi"]

1. e4 e5 2. Nf3 Nc6 3. Bc4 Bc5 4. d3 Nf6 5. O-O d6 6. Be3 Bb6 7. Re1 O-O 8. h3
Bxe3 9. fxe3 Na5 10. Bb3 Nxb3 11. axb3 Re8 12. Nc3 c6 13. Rf1 d5 14. Qe1 dxe4
15. dxe4 b5 16. Rd1 Qe7 17. Qh4 Qc5 18. Qf2 Ba6 19. Ra1 Bb7 20. Nh4 Qf8 21. Qf3
a6 22. Rad1 b4 23. Ne2 c5 24. Ng3 Rad8 25. Nhf5 Rxd1 26. Rxd1 Re6 27. Rd2 g6
28. Nh4 Bc6 29. Qe2 Nxe4 30. Nxe4 Bxe4 31. Nf3 Qe7 32. Qc4 Bxf3 33. gxf3 e4 34.
f4 Qh4 35. Kg2 Qh5 36. Kh2 Kg7 37. Rd7 Rf6 38. Qxe4 Qe2+ 39. Kg1 Qe1+ 40. Kg2
Qe2+ 41. Kg1 g5 42. f5 h5 43. Rd8 Qe1+ 44. Kg2 Qe2+ 45. Kg1 h4 46. Qe8 Qe1+ 47.
Kg2 Qg3+ 48. Kh1 Qxh3+ 49. Kg1 Qg3+ 50. Kh1 Qe1+ 51. Kh2 Qf2+ 52. Kh1 Qf1+
1/2-1/2

[Event "8th Philadelphia Open"]
[Site "Philadelphia"]
[Date "2014.04.19"]
[Round "6"]
[White "Carreto, Giovanni"]
[Black "Shetty, Atulya"]
[Result "1-0"]
[WhiteElo "2201"]
[BlackElo "2313"]
[PlyCount "81"]
[EventDate "2014.04.??"]
[EventType "swiss"]
[EventRounds "9"]
[EventCountry "USA"]
[Source "MonRoi"]

1. e4 c5 2. Nf3 d6 3. d4 cxd4 4. Nxd4 Nf6 5. Nc3 Nc6 6. Bg5 e6 7. f4 Bd7 8. Qd2
a6 9. O-O-O b5 10. Bxf6 gxf6 11. Nxc6 Bxc6 12. Qe1 Be7 13. f5 b4 14. Ne2 e5 15.
Ng3 Qa5 16. Bc4 Qc5 17. b3 a5 18. Kb1 a4 19. Qe2 h5 20. h4 Ra7 21. Rhe1 Qa5 22.
Rd2 Bb7 23. Nxh5 Ba6 24. Rd5 Qb6 25. Bb5+ Kf8 26. g4 Bb7 27. Rd2 Rg8 28. Red1
Ba6 29. Bxa6 Qxa6 30. Qf3 Rc7 31. Qe3 Rh8 32. Nxf6 axb3 33. cxb3 Bxf6 34. Rxd6
Rc6 35. Rxf6 Rxf6 36. Rd8+ Ke7 37. Rxh8 Qf1+ 38. Qc1 Qd3+ 39. Qc2 Qf1+ 40. Kb2
Rd6 41. Qc7+ 1-0

[Event "8th Philadelphia Open"]
[Site "Philadelphia"]
[Date "2014.04.19"]
[Round "6"]
[White "Burke, John"]
[Black "Yanayt, Eugene"]
[Result "1-0"]
[WhiteElo "2073"]
[BlackElo "2237"]
[PlyCount "105"]
[EventDate "2014.04.??"]
[EventType "swiss"]
[EventRounds "9"]
[EventCountry "USA"]
[Source "MonRoi"]

1. e4 c5 2. Nf3 Nc6 3. d4 cxd4 4. Nxd4 g6 5. Nc3 Bg7 6. Be3 Nf6 7. Bc4 O-O 8.
Bb3 d6 9. h3 Na5 10. O-O b6 11. Qd3 Bb7 12. Rad1 Rc8 13. Rfe1 Nxb3 14. axb3
Rxc3 15. bxc3 Nxe4 16. f3 Nc5 17. Qd2 Re8 18. Bh6 Bh8 19. c4 Qd7 20. b4 Na6 21.
c3 Nc7 22. Qa2 a6 23. c5 bxc5 24. bxc5 d5 25. Qa5 e5 26. c4 dxc4 27. Nf5 Bd5
28. Ne3 Qc6 29. Qb6 Na8 30. Qxc6 Bxc6 31. Nxc4 Nc7 32. Rd6 Bb5 33. Nb6 f5 34.
Red1 e4 35. fxe4 fxe4 36. Rd8 Bf6 37. Rxe8+ Nxe8 38. Nd5 Be5 39. Re1 Bd3 40.
Nb4 Bd4+ 41. Be3 Bxe3+ 42. Rxe3 Bb5 43. Rxe4 Kf7 44. Kf2 Nc7 45. Ke3 Ne6 46.
Re5 Kf6 47. Rd5 a5 48. c6 Nc7 49. Rd7 axb4 50. Rxc7 b3 51. Rb7 Bxc6 52. Rb6 b2
53. Rxc6+ 1-0

[Event "8th Philadelphia Open"]
[Site "Philadelphia"]
[Date "2014.04.19"]
[Round "6"]
[White "Most, Eric"]
[Black "Harmon Vellotti, Luke"]
[Result "0-1"]
[WhiteElo "2161"]
[BlackElo "2399"]
[PlyCount "60"]
[EventDate "2014.04.??"]
[EventType "swiss"]
[EventRounds "9"]
[EventCountry "USA"]
[Source "MonRoi"]

1. e4 c6 2. d4 d5 3. e5 c5 4. dxc5 e6 5. a3 Nc6 6. Nf3 Bxc5 7. b4 Bb6 8. Bb2
Nge7 9. Bd3 Ng6 10. O-O Nf4 11. c4 O-O 12. c5 Bc7 13. Qd2 Nxe5 14. Bxh7+ Kxh7
15. Qxf4 Nc4 16. Qc1 e5 17. Nbd2 Nxb2 18. Qxb2 f6 19. Rfd1 Qe7 20. Nf1 Be6 21.
Rac1 Kg8 22. Ne3 Qf7 23. Qe2 Rad8 24. h3 Rfe8 25. b5 d4 26. Nf1 Bb3 27. Re1 e4
28. N3d2 Bd5 29. Qg4 f5 30. Qg5 Re6 0-1

[Event "8th Philadelphia Open"]
[Site "Philadelphia"]
[Date "2014.04.19"]
[Round "6"]
[White "Homa, Seth"]
[Black "Hernandez-Camen, Angel"]
[Result "1-0"]
[WhiteElo "2343"]
[BlackElo "2070"]
[PlyCount "77"]
[EventDate "2014.04.??"]
[EventType "swiss"]
[EventRounds "9"]
[EventCountry "USA"]
[Source "MonRoi"]

1. d4 Nf6 2. Nf3 e6 3. Bg5 c5 4. e3 Qb6 5. Nbd2 cxd4 6. exd4 Qxb2 7. Bd3 Nc6 8.
Nc4 Qb4+ 9. Bd2 Qa4 10. O-O d5 11. Nce5 Bd6 12. Rb1 a6 13. Bc3 Ne4 14. Bxe4
dxe4 15. Nxf7 Kxf7 16. Ng5+ Ke7 17. Qh5 Nd8 18. Nxe4 Nf7 19. Nxd6 Nxd6 20. d5
Qf4 21. Be5 Qf5 22. Bxd6+ Kxd6 23. Qh4 e5 24. Rb6+ Kc7 25. Qb4 Rd8 26. Rb1 Ra7
27. Qe7+ Rd7 28. Rc6+ Kb8 29. Qc5 Rd8 30. Qb6 Rf8 31. d6 Rf7 32. h3 Qe6 33. c4
Rd7 34. c5 Qxa2 35. Rc7 Qd5 36. Rxc8+ Kxc8 37. Qxa7 Rf7 38. Qa8+ Kd7 39. Rxb7+
1-0

[Event "8th Philadelphia Open"]
[Site "Philadelphia"]
[Date "2014.04.19"]
[Round "6"]
[White "Patil, Anuprita"]
[Black "Rudakov, Alex"]
[Result "1/2-1/2"]
[WhiteElo "2060"]
[BlackElo "2338"]
[PlyCount "65"]
[EventDate "2014.04.??"]
[EventType "swiss"]
[EventRounds "9"]
[EventCountry "USA"]
[Source "MonRoi"]

1. d4 Nf6 2. c4 c5 3. d5 e6 4. Nc3 exd5 5. cxd5 Bd6 6. Nf3 Bc7 7. Bg5 d6 8. e3
O-O 9. Bd3 a6 10. a4 Nbd7 11. Qc2 h6 12. Bh4 Re8 13. g4 Ne5 14. Nxe5 Rxe5 15.
h3 Ba5 16. O-O Re8 17. e4 g5 18. Bg3 Bxc3 19. Qxc3 Nxe4 20. Bxe4 Rxe4 21. Rfe1
Rd4 22. Re3 Bd7 23. Bxd6 Bc6 24. dxc6 Qxd6 25. cxb7 Rb8 26. b4 c4 27. Rae1 Rxb7
28. Re8+ Kh7 29. R1e4 Rd7 30. Rxd4 Qxd4 31. Qxd4 Rxd4 32. Rc8 c3 33. b5 1/2-1/2

[Event "8th Philadelphia Open"]
[Site "Philadelphia"]
[Date "2014.04.19"]
[Round "6"]
[White "Balakrishnan, Praveen"]
[Black "Gorti, Akshita"]
[Result "1-0"]
[WhiteElo "2138"]
[BlackElo "1957"]
[PlyCount "195"]
[EventDate "2014.04.??"]
[EventType "swiss"]
[EventRounds "9"]
[EventCountry "USA"]
[Source "MonRoi"]

1. e4 e6 2. d3 d5 3. Qe2 Nc6 4. Nf3 e5 5. exd5 Qxd5 6. Nc3 Qa5 7. d4 Bg4 8.
dxe5 Bb4 9. Bd2 O-O-O 10. O-O-O Nge7 11. Kb1 Bxf3 12. gxf3 Qxe5 13. Qxe5 Nxe5
14. Be2 Kb8 15. Rhg1 Rhg8 16. f4 N5g6 17. Bc4 Rgf8 18. Be3 Bd6 19. Nb5 b6 20.
Nxd6 cxd6 21. Rd2 Kc7 22. Bb3 Nf5 23. c4 Rde8 24. Rd3 Nge7 25. Bc2 g6 26. Ra3
Nxe3 27. fxe3 Nc8 28. Kc1 f5 29. h4 a5 30. Bd1 Ne7 31. Bf3 Kd7 32. Kd2 Ke6 33.
Rb3 Rb8 34. Rc3 Rfd8 35. Ke2 Kf6 36. Rd1 Ke6 37. Rcd3 Rbc8 38. Rd4 Nc6 39. R4d2
Ne7 40. Rd4 Nc6 41. R4d2 Ne7 42. b3 Rc7 43. h5 Rcc8 44. Rh1 Rh8 45. Ke1 Rcd8
46. Rdh2 Rhg8 47. hxg6 hxg6 48. Rh7 Rc8 49. R1h2 Rcd8 50. Kf1 Rc8 51. Rd2 Rc5
52. a4 Rf8 53. Kf2 Rg8 54. Rh1 Rc7 55. Rh7 Rc5 56. Kg3 Rf8 57. Rh1 Rc7 58. Rh7
Rc5 59. Kf2 Rg8 60. Ke2 Rf8 61. Rh1 Rc7 62. Rh7 Rc5 63. Rc2 Rg8 64. Rh1 Rf8 65.
Kd3 Rcc8 66. Rh7 Rh8 67. Rch2 Rxh7 68. Rxh7 Rd8 69. Rh6 Kf6 70. Rh7 Ke6 71. Kd4
Rc8 72. Bd5+ Kd7 73. Bf7 Rf8 74. Bxg6 Rf6 75. Bf7 Kd8 76. Rh8+ Kc7 77. Be8 Re6
78. Rh7 Kd8 79. Bf7 Re4+ 80. Kd3 Kd7 81. Rh8 Kc7 82. Ra8 Nc6 83. Bg6 Nb4+ 84.
Kd2 Re6 85. Bxf5 Rh6 86. Ra7+ Kb8 87. Rd7 Rh2+ 88. Kc3 Re2 89. Re7 d5 90. Kd4
dxc4 91. Kxc4 Rd2 92. Be4 Rd6 93. f5 Rf6 94. Re6 Rxe6 95. fxe6 Kc7 96. Kb5 Kd6
97. Kxb6 Kxe6 98. Kxa5 1-0

[Event "8th Philadelphia Open"]
[Site "Philadelphia"]
[Date "2014.04.19"]
[Round "6"]
[White "Yuvarajan, Prathiba"]
[Black "Lastra, Ricardo"]
[Result "1/2-1/2"]
[WhiteElo "2191"]
[BlackElo "2064"]
[PlyCount "122"]
[EventDate "2014.04.??"]
[EventType "swiss"]
[EventRounds "9"]
[EventCountry "USA"]
[Source "MonRoi"]

1. e4 d6 2. d4 Nf6 3. Nc3 e5 4. Nf3 Nbd7 5. Bc4 Be7 6. h3 c6 7. a4 a5 8. O-O
O-O 9. dxe5 dxe5 10. Be3 Qc7 11. Qe2 Nc5 12. Nd2 Ne6 13. Bxe6 Bxe6 14. Nc4 Nd7
15. Rad1 b5 16. Nd2 b4 17. Ncb1 c5 18. Nc4 Qc6 19. Bc1 Qxa4 20. Ne3 Qc6 21. Nd5
Bd8 22. c4 a4 23. Rd3 Qa6 24. Rg3 Bxd5 25. exd5 Bh4 26. Rg4 Bf6 27. Nd2 g6 28.
Rg3 Bg7 29. Ne4 Nb6 30. Nxc5 Qxc4 31. Qxc4 Nxc4 32. Rg4 Nb6 33. Rxb4 Nxd5 34.
Rxa4 Rxa4 35. Nxa4 f5 36. Rd1 Nb4 37. Be3 e4 38. Rd7 Rf7 39. Rd8+ Rf8 40. Rxf8+
Bxf8 41. Kf1 Kf7 42. Ke2 Ke6 43. f3 Nd5 44. fxe4 fxe4 45. Nc3 Nxc3+ 46. bxc3
Kd5 47. Bd4 Bh6 48. g4 Bf4 49. Be3 Be5 50. Bd2 Bc7 51. Ke3 Ke5 52. c4 Bb6+ 53.
Ke2 h5 54. gxh5 gxh5 55. Be3 Bxe3 56. Kxe3 h4 57. c5 Kd5 58. c6 Kxc6 59. Kxe4
Kd6 60. Kf5 Ke7 61. Kg6 Kf8 1/2-1/2

[Event "8th Philadelphia Open"]
[Site "Philadelphia"]
[Date "2014.04.19"]
[Round "6"]
[White "Sinha, Sahil"]
[Black "Prentice, Joseph"]
[Result "1-0"]
[WhiteElo "2088"]
[BlackElo "1948"]
[PlyCount "111"]
[EventDate "2014.04.??"]
[EventType "swiss"]
[EventRounds "9"]
[EventCountry "USA"]
[Source "MonRoi"]

1. d4 d5 2. c4 e6 3. Nc3 c5 4. cxd5 exd5 5. Nf3 Nf6 6. Bg5 Be6 7. e3 Nc6 8. Bb5
a6 9. Bxc6+ bxc6 10. Ne5 Rc8 11. Bxf6 Qxf6 12. Qa4 cxd4 13. exd4 Bd6 14. O-O
Bxe5 15. dxe5 Qxe5 16. Rfe1 Qd6 17. Qxa6 O-O 18. Qd3 Qb4 19. b3 g6 20. Red1
Rfd8 21. Rac1 c5 22. Na4 c4 23. Qd4 Qb5 24. Nc3 Qa5 25. Qe5 Rc5 26. Ne4 dxe4
27. Rxd8+ Qxd8 28. Qxc5 cxb3 29. axb3 Bxb3 30. Rb1 Qd3 31. Qc8+ Kg7 32. Qc1 Qc2
33. Qb2+ Qxb2 34. Rxb2 Bc4 35. g4 h6 36. Rb4 Bd5 37. h4 Ba8 38. g5 hxg5 39.
hxg5 f5 40. Ra4 Bd5 41. Ra7+ Bf7 42. Kg2 Kg8 43. Kg3 Kg7 44. Kf4 Kg8 45. Ke5
Kg7 46. Rb7 Kg8 47. Kf6 Be8 48. Rb8 Kf8 49. Rd8 f4 50. Rd4 Bc6 51. Kxg6 Ke7 52.
Kf5 e3 53. fxe3 fxe3 54. Rd3 Bd7+ 55. Kg6 Kf8 56. Rxe3 1-0